Fenomén očakávania vo vzťahu pedagóg - žiak

Bibliographic Details
Main Author: Koubeková, Eva (Author)
Format: Article
Language:Slovak
ISSN:0139-6919
Subjects:

MARC

LEADER 00000nab a2200000 a 4500
001 vtls000614417
003 SK-MaSNL
005 20260304094930.0
008 250425c1997 xo 0 slo
015 |a SNBRB19rr/mm-uuuuu 
035 |a CL0614556 
035 |a urn:nbn:sk:snk-abd2yo 
035 |a (urnnbn)urn:nbn:sk:snk:ar-007eai 
035 |a (uuid)1a165c31-5d22-4e26-aad4-ccc359f9b019 
040 |a SNKBUCL  |b slo  |c SNKBUCL  |e AACR2 
041 0 |a slo 
044 |a xo  |c SK 
080 |a 37.064  |2 1981 
100 1 |a Koubeková, Eva  |4 aut  |9 807724 
245 1 0 |a Fenomén očakávania vo vzťahu pedagóg - žiak  |c Eva Koubeková 
650 0 7 |a učitelia  |2 snkbucl  |9 3995 
650 0 7 |a žiaci  |2 snkbucl  |9 16621 
773 0 |t Vychovávateľ  |g Roč. 41, č. 6 (1997), s. 8-10  |x 0139-6919 
850 |a Slovenská národná knižnica 
852 |a Slovenská národná knižnica 
954 |a odborná, vedecká literatúra pôvodná (slovenská)  |2 lita 
958 |a article17 
958 |a RK 
958 |a OND 
958 |a EUIPO 
999 |c 2829779  |d 2831709